| 000 | 00806nac a22002051u 4500 | ||
|---|---|---|---|
| 082 |
_a603 _bWAH |
||
| 090 |
_c6298 _d6298 |
||
| 100 | _aAbd El Wahed, Anwar Ma | ||
| 245 |
_aTechnical Dictionary. Refrigerastion and Air Conditioning: _bEnglish-French-Arabic-German/ _cCompiled and revised by Anwar Mahmoud Abd El Wahed |
||
| 260 |
_aLeipzig; Cairo: _bAl-Ahram, 1979 _c1979 |
||
| 300 |
_a271, 124 p. : _bill ; _c 22 cm. |
||
| 440 | _aAl Maajim Al Tiknoloziyah Al Takhassusyiah | ||
| 500 | _adistributer: Al-Ahram | ||
| 511 | _acatalogued by: wessam | ||
| 650 |
_aTechnology _vDictionaries Arabic |
||
| 650 |
_aTechnology _vDictionaries French |
||
| 650 |
_aTechnology _vDictionaries German |
||
| 942 |
_cNB _k603WAH |
||
| 999 |
_c6298 _d6298 |
||